000 00423nam a22001817a 4500
999 _c11845
_d11845
003 OSt
008 230301b ||||| |||| 00| 0 eng d
022 _a9789388778046
082 _a658.12 AHC
100 _aAHUJA, Shagun
245 _aCompany Law-II
250 _a1st ed.
260 _aLudhiana
_bKalyani Publishers
_c2019
300 _aMISC
650 _aCommerce
700 _aBUDHIRAJA, Lovenish
942 _2ddc
_cBK